Yaşama hırsı/ (Record no. 14066)

MARC details
000 -BAŞLIK
Sabit Uzunlukta Kontrol Alanı 00608nam a22002057a 4500
999 ## - SİSTEM KONTROL NUMARALARI (KOHA)
Koha Biblionumber 14066
Koha Biblioitemnumber 14066
003 - KONTROL NUMARASI IDENTIFIER
Denetim Alanı MIRAKIL
005 - SON İŞLEM TARİHİ VE ZAMANI
Denetim Alanı 20200918123602.0
008 - SABİT-BOY VERİ ELEMANLARI - GENEL BİLGİLER
Sabit Uzunlukta Kontrol Alanı 200918b tu ||||| |||| 00| 0 tur d
040 ## - KATALOGLAMA KAYNAK
Orijinal Kataloglama Ajansı TR-AnCHP
Kataloglama Dili tur
Metne Dönüştürmek Ajansı TR-AnCHP
041 ## - DİL KODU
Metin / Ses Parça Veya Ayrı Başlığın Dil Kodu tur
082 ## - DEWEY ONLU SINIFLANDIRMA NUMARASI
Sınıflandırma Numarası 823.34
Ürün Numarası L65y 1977
100 ## - ANA GİRİŞ - KİŞİSEL İSİM
Kişisel Ad London, Jack
245 ## - BAŞLIK TABLOSU
Başlık Yaşama hırsı/
Sorumluluk Tablosu, Vb Jack London; çeviren Gülşen Çalık Can.
260 ## - YAYIN, DAĞITIM, VB
Yayın, Dağıtım, Vb Yeri İstanbul:
Yayıncı, Dağıtıcı, Vs Adı Öz Yayınları,
Yayın, Dağıtım, Vb Tarihi 1977.
300 ## - FİZİKSEL TANIM
Kapsam 247 s.:
Boyutlar 19 sm.
490 0# - SERİSİ TABLOSU
Seri Beyanı Öz Yayınları;
Hacim / Ardışık Tanımı 4.
650 #0 - KONU KATMA GİRİŞ - TOPİKAL DÖNEM
Topikal Süreli Veya Coğrafi Ad Giriş Elemanı Amerikan edebiyatı
9 (RLIN) 6078
Genel Alt Bölümü Öyküler
700 ## - KATMA GİRİŞ - KİŞİSEL İSİM
Kişisel Ad Can, Gülşen Çalık
9 (RLIN) 6506
Relator Terim çev.
942 ## - EKLENDİ GİRİŞ ELEMANLARI (KOHA)
Sınıflandırma Veya Raf Düzeni Kaynak Dewey Decimal Classification
Koha Öğesi Türü Books
Holdings
Kalıcı Konum Mevcut Konum Edinme Tarihi Toplam Check-Out'Lar Tam Çağrı Numarası Barkod Tarih Son Görülme İtibaren Geçerli Fiyatlar Sigara Kamu Notu Koha Öğesi Türü
CHP Kütüphanesi CHP Kütüphanesi 09/18/2020   823.34 L65y 1977 019571 09/18/2020 09/18/2020 Emine Başak Alkan Bağışıdır. Books